Chiffres en vrac - Statistiques

Statistiques générales
  • Ce quiz a été pris 27 fois
  • Le résultat moyen est 22 sur 24
Statistiques - réponses
Hint Réponse % Correct
Combien d'hommes découvrent un couffin dans le titre d'un film de Coline Serreau, sorti en 1985 ? 3
100%
Selon le titre de son livre, combien de "jours chez ma mère" passe l'auteur François Weyergans ? 3
100%
Joe Dassin a interprété le titre : "Le Café des... colombes". Combien y en a-t-il ? 3
100%
En 2004, combien de frères y a-t-il dans le titre d'un film de Jean-Jacques Annaud ? 2
96%
Complétez d'un chiffre ce titre de roman de Jules Verne : "...ans de vacances" 2
96%
Combien de garçons sont pleins d'avenir selon le titre d'un film de Jean-Paul Lilienfeld, sorti en 1997 ? 4
96%
Selon le titre d'une chanson de Claude Nougaro, combien y a-t-il de boules de cuir ? 4
96%
Selon une chanson de Jacques Dutronc, à quelle heure Paris s'éveille-t-il ? 5
96%
Complétez le titre de ce film d'Agnès Varda, sorti en 1962 : "Cléo de 5 à..." 7
96%
Quel chiffre complète la "Nationale" chantée par Charles Trenet ? 7
96%
Sorti en 1996, complétez avec un chiffre ce titre de film de Dominique Farrugia : "Delphine 1, Yvan..." 0
92%
En 2000, Ken Follett a publié le roman policier intitulé : "Code..." 0
92%
Combien d'enfants au soleil y a-t-il dans une chanson de Jean Ferrat ? 2
92%
Complétez d'un chiffre ce titre d'Arthur Conan Doyle : "Le Signe des..." 4
92%
Complétez ce titre de film réalisé par George Roy Hill en 1972 : "Abattoir..." 5
92%
Quel chiffre débute le titre de ce roman d'Alfred de Vigny : "...-Mars" ? 5
92%
Quel numéro porte le passager dans "Alien", réalisé par Ridley Scott en 1979 ? 8
92%
Complétez d'un chiffre ce titre de Philippe Labro : "Tomber 7 fois, se relever..." 8
92%
À quel sens s'intéresse un film, sorti en 1999, réalisé par M. Night Shyamalan ? 6
88%
Combien de "personnages sont en quête d'auteur" dans le titre de la pièce de théâtre de Luigi Pirandello ? 6
88%
Combien de roses y a-t-il dans un titre d'Annie Cordy ? 6
88%
Complétez d'un chiffre cette chanson de Johnny Hallyday : "Rien que... jours" ? 8
88%
Complétez d'un chiffre ce roman de David Divine : "Les... jours de Dunkerque" 9
88%
Dans cette chanson de Julos Beaucarne, quel chiffre est présent 5 fois dans le titre, sous forme de date ? 9
88%
Aucun quiz correspondant
Distribution des résultats
% des personnes avec chaque résultat
Percentile par nombre de réponses
Votre historique - résultats
Vous n’avez pas pris ce quiz